[Event "ODJM B 2023"]
[Site "Willingen GER"]
[Date "2023.06.03"]
[Round "9"]
[White "Frydel, Marcel"]
[Black "Selzer, Luca"]
[Result "1/2-1/2"]
[Termination "normal"]
[Board "30"]
[WhiteElo "1346"]
[BlackElo "1472"]
[WhiteClock "00:21:45"]
[BlackClock "00:31:05"]
[PlyCount "144"]
[WhiteFideId "16245733"]
[BlackFideId "34660364"]
[EventCountry "GER"]
[EventRounds "9"]
[EventType "swiss"]
[EventDate "2023.05.27"]

1. e4 {[%clk 01:30:56]} {[%emt 00:00:04]} d5 {[%clk 01:30:56]} {[%emt
00:00:04]} 2. exd5 {[%clk 01:31:23]} {[%emt 00:00:04]} Qxd5 {[%clk 01:31:24]}
{[%emt 00:00:02]} 3. Nc3 {[%clk 01:31:47]} {[%emt 00:00:06]} Qa5 {[%clk
01:31:44]} {[%emt 00:00:10]} 4. d4 {[%clk 01:32:12]} {[%emt 00:00:05]} c6
{[%clk 01:31:54]} {[%emt 00:00:20]} 5. Nf3 {[%clk 01:32:34]} {[%emt 00:00:08]}
Nf6 {[%clk 01:32:00]} {[%emt 00:00:24]} 6. Bc4 {[%clk 01:32:50]} {[%emt
00:00:13]} Bf5 {[%clk 01:31:43]} {[%emt 00:00:47]} 7. Bd2 {[%clk 01:32:32]}
{[%emt 00:00:49]} Qc7 {[%clk 01:32:08]} {[%emt 00:00:05]} 8. O-O {[%clk
01:32:44]} {[%emt 00:00:17]} e6 {[%clk 01:32:14]} {[%emt 00:00:24]} 9. a3
{[%clk 01:32:48]} {[%emt 00:00:27]} Be7 {[%clk 01:32:13]} {[%emt 00:00:31]} 10.
Ne5 {[%clk 01:29:26]} {[%emt 00:03:52]} O-O {[%clk 01:31:44]} {[%emt 00:00:58]}
11. Bf4 {[%clk 01:29:27]} {[%emt 00:00:30]} Bd6 {[%clk 01:30:53]} {[%emt
00:01:21]} 12. Re1 {[%clk 01:24:11]} {[%emt 00:05:45]} Ng4 {[%clk 01:24:39]}
{[%emt 00:06:45]} 13. h3 {[%clk 01:20:34]} {[%emt 00:04:07]} Nxe5 {[%clk
01:24:39]} {[%emt 00:00:31]} 14. Bxe5 {[%clk 01:16:57]} {[%emt 00:04:06]} Bxe5
{[%clk 01:25:03]} {[%emt 00:00:06]} 15. dxe5 {[%clk 01:16:31]} {[%emt
00:00:55]} Rd8 {[%clk 01:24:59]} {[%emt 00:00:34]} 16. Qe2 {[%clk 01:16:45]}
{[%emt 00:00:17]} Nd7 {[%clk 01:24:40]} {[%emt 00:00:49]} 17. b4 {[%clk
01:13:36]} {[%emt 00:03:39]} a6 {[%clk 01:23:13]} {[%emt 00:01:58]} 18. Bb3
{[%clk 01:10:11]} {[%emt 00:03:54]} a5 {[%clk 01:18:49]} {[%emt 00:04:54]} 19.
Rad1 {[%clk 01:05:18]} {[%emt 00:05:23]} Qb6 {[%clk 01:17:00]} {[%emt
00:02:19]} 20. Qe3 {[%clk 01:03:49]} {[%emt 00:01:59]} Qxe3 {[%clk 01:14:57]}
{[%emt 00:02:33]} 21. Rxe3 {[%clk 01:04:07]} {[%emt 00:00:12]} b5 {[%clk
01:14:04]} {[%emt 00:01:23]} 22. Re2 {[%clk 00:57:45]} {[%emt 00:06:52]} a4
{[%clk 01:12:16]} {[%emt 00:02:17]} 23. Ba2 {[%clk 00:58:08]} {[%emt 00:00:08]}
Kf8 {[%clk 01:11:29]} {[%emt 00:01:17]} 24. f4 {[%clk 00:57:22]} {[%emt
00:01:16]} h5 {[%clk 01:11:17]} {[%emt 00:00:42]} 25. Red2 {[%clk 00:57:15]}
{[%emt 00:00:37]} Ke7 {[%clk 01:11:13]} {[%emt 00:00:34]} 26. Ne2 {[%clk
00:57:29]} {[%emt 00:00:15]} Nb6 {[%clk 01:06:22]} {[%emt 00:05:22]} 27. Nd4
{[%clk 00:53:44]} {[%emt 00:04:15]} Be4 {[%clk 01:01:16]} {[%emt 00:05:36]} 28.
Re2 {[%clk 00:52:38]} {[%emt 00:01:36]} Rxd4 {[%clk 00:58:42]} {[%emt
00:03:04]} 29. Rxd4 {[%clk 00:52:40]} {[%emt 00:00:28]} Bd5 {[%clk 00:59:08]}
{[%emt 00:00:04]} 30. Bxd5 {[%clk 00:52:50]} {[%emt 00:00:20]} cxd5 {[%clk
00:58:37]} {[%emt 00:01:00]} 31. Rf2 {[%clk 00:51:39]} {[%emt 00:01:41]} Rc8
{[%clk 00:58:20]} {[%emt 00:00:47]} 32. g4 {[%clk 00:50:52]} {[%emt 00:01:17]}
Nc4 {[%clk 00:54:48]} {[%emt 00:04:03]} 33. Rd3 {[%clk 00:50:41]} {[%emt
00:00:41]} h4 {[%clk 00:53:20]} {[%emt 00:01:57]} 34. Re2 {[%clk 00:48:21]}
{[%emt 00:02:51]} Nb2 {[%clk 00:52:01]} {[%emt 00:01:49]} 35. Rf3 {[%clk
00:48:31]} {[%emt 00:00:19]} Nd1 {[%clk 00:47:38]} {[%emt 00:04:54]} 36. f5
{[%clk 00:47:17]} {[%emt 00:01:44]} Nc3 {[%clk 00:47:30]} {[%emt 00:00:38]} 37.
Rg2 {[%clk 00:46:35]} {[%emt 00:01:12]} Ne4 {[%clk 00:46:07]} {[%emt 00:01:53]}
38. fxe6 {[%clk 00:46:19]} {[%emt 00:00:46]} Kxe6 {[%clk 00:45:48]} {[%emt
00:00:49]} 39. Kf1 {[%clk 00:42:25]} {[%emt 00:04:23]} Rc7 {[%clk 00:45:09]}
{[%emt 00:01:10]} 40. Ke1 {[%clk 00:41:45]} {[%emt 00:01:10]} g6 {[%clk
00:44:06]} {[%emt 00:01:33]} 41. Kd1 {[%clk 00:41:09]} {[%emt 00:01:05]} Nc3+
{[%clk 00:43:19]} {[%emt 00:01:17]} 42. Kc1 {[%clk 00:41:32]} {[%emt 00:00:08]}
Ne4 {[%clk 00:43:23]} {[%emt 00:00:26]} 43. Kb2 {[%clk 00:41:39]} {[%emt
00:00:23]} Kxe5 {[%clk 00:43:32]} {[%emt 00:00:21]} 44. Re2 {[%clk 00:41:29]}
{[%emt 00:00:39]} f6 {[%clk 00:42:58]} {[%emt 00:01:04]} 45. Re1 {[%clk
00:41:35]} {[%emt 00:00:24]} g5 {[%clk 00:43:08]} {[%emt 00:00:21]} 46. Rf5+
{[%clk 00:40:40]} {[%emt 00:01:25]} Ke6 {[%clk 00:43:26]} {[%emt 00:00:11]} 47.
Re3 {[%clk 00:40:40]} {[%emt 00:00:31]} Rd7 {[%clk 00:42:51]} {[%emt 00:01:05]}
48. Rd3 {[%clk 00:39:27]} {[%emt 00:01:43]} Ng3 {[%clk 00:42:35]} {[%emt
00:00:46]} 49. Re3+ {[%clk 00:37:19]} {[%emt 00:02:35]} Ne4 {[%clk 00:43:01]}
{[%emt 00:00:07]} 50. Rd3 {[%clk 00:36:00]} {[%emt 00:01:49]} Rd6 {[%clk
00:42:41]} {[%emt 00:00:50]} 51. Rff3 {[%clk 00:35:42]} {[%emt 00:00:48]} Ke5
{[%clk 00:42:54]} {[%emt 00:00:17]} 52. Rfe3 {[%clk 00:35:30]} {[%emt
00:00:42]} Rc6 {[%clk 00:41:27]} {[%emt 00:01:57]} 53. Re1 {[%clk 00:35:11]}
{[%emt 00:00:48]} Rc7 {[%clk 00:41:44]} {[%emt 00:00:13]} 54. Rf3 {[%clk
00:34:13]} {[%emt 00:01:29]} Rc6 {[%clk 00:42:04]} {[%emt 00:00:10]} 55. Rf5+
{[%clk 00:34:16]} {[%emt 00:00:26]} Ke6 {[%clk 00:42:02]} {[%emt 00:00:33]} 56.
Re3 {[%clk 00:32:30]} {[%emt 00:02:13]} Rc8 {[%clk 00:41:46]} {[%emt 00:00:49]}
57. Kc1 {[%clk 00:32:29]} {[%emt 00:00:30]} Rd8 {[%clk 00:40:17]} {[%emt
00:02:00]} 58. c3 {[%clk 00:32:31]} {[%emt 00:00:28]} Rb8 {[%clk 00:39:51]}
{[%emt 00:00:55]} 59. Kc2 {[%clk 00:32:17]} {[%emt 00:00:45]} Rd8 {[%clk
00:36:53]} {[%emt 00:03:28]} 60. Rf1 {[%clk 00:30:59]} {[%emt 00:01:47]} Rc8
{[%clk 00:35:50]} {[%emt 00:01:34]} 61. Rd1 {[%clk 00:31:01]} {[%emt 00:00:28]}
f5 {[%clk 00:33:02]} {[%emt 00:03:17]} 62. gxf5+ {[%clk 00:30:41]} {[%emt
00:00:50]} Ke5 {[%clk 00:32:58]} {[%emt 00:00:34]} 63. Rf3 {[%clk 00:29:02]}
{[%emt 00:02:08]} Rc6 {[%clk 00:32:51]} {[%emt 00:00:37]} 64. Rd4 {[%clk
00:25:00]} {[%emt 00:04:32]} Rf6 {[%clk 00:29:53]} {[%emt 00:03:28]} 65. Rfd3
{[%clk 00:23:17]} {[%emt 00:02:13]} Rd6 {[%clk 00:30:01]} {[%emt 00:00:23]} 66.
Rf3 {[%clk 00:23:07]} {[%emt 00:00:40]} Rf6 {[%clk 00:29:46]} {[%emt 00:00:45]}
67. Rd1 {[%clk 00:23:12]} {[%emt 00:00:24]} Rc6 {[%clk 00:30:03]} {[%emt
00:00:13]} 68. Kb2 {[%clk 00:23:17]} {[%emt 00:00:26]} Rf6 {[%clk 00:30:10]}
{[%emt 00:00:22]} 69. Rfd3 {[%clk 00:22:11]} {[%emt 00:01:36]} Rd6 {[%clk
00:30:33]} {[%emt 00:00:07]} 70. Rf3 {[%clk 00:22:11]} {[%emt 00:00:30]} Rf6
{[%emt 00:00:55]} 71. Rdd3 {[%clk 00:21:56]} Rd6 {[%clk 00:31:05]} {[%emt
00:00:18]} 72. Kc2 {[%clk 00:21:45]} {[%emt 00:00:41]} Rf6 {[%emt 00:02:27]}
1/2-1/2

[Event "ODJM B 2023"]
[Site "Willingen GER"]
[Date "2023.06.03"]
[Round "9"]
[White "Borgert, Alexander"]
[Black "Tulchynsky, Mark"]
[Result "1/2-1/2"]
[Termination "normal"]
[Board "31"]
[WhiteElo "1516"]
[BlackElo "1425"]
[WhiteClock "01:20:51"]
[BlackClock "00:53:35"]
[PlyCount "51"]
[WhiteFideId "16289188"]
[BlackFideId "34617698"]
[EventCountry "GER"]
[EventRounds "9"]
[EventType "swiss"]
[EventDate "2023.05.27"]

1. d4 {[%clk 01:30:57]} {[%emt 00:00:02]} d6 {[%clk 01:30:53]} {[%emt
00:00:07]} 2. c4 {[%clk 01:31:21]} {[%emt 00:00:07]} e5 {[%clk 01:31:19]}
{[%emt 00:00:04]} 3. d5 {[%clk 01:31:44]} {[%emt 00:00:07]} f5 {[%clk
01:31:44]} {[%emt 00:00:04]} 4. Nc3 {[%clk 01:32:04]} {[%emt 00:00:10]} Nf6
{[%clk 01:32:10]} {[%emt 00:00:04]} 5. Bg5 {[%clk 01:32:23]} {[%emt 00:00:11]}
g6 {[%clk 01:32:34]} {[%emt 00:00:07]} 6. f3 {[%clk 01:31:55]} {[%emt
00:00:58]} Bg7 {[%clk 01:32:44]} {[%emt 00:00:20]} 7. e4 {[%clk 01:32:03]}
{[%emt 00:00:22]} h6 {[%clk 01:32:53]} {[%emt 00:00:21]} 8. Bd2 {[%clk
01:32:00]} {[%emt 00:00:32]} f4 {[%clk 01:31:03]} {[%emt 00:02:21]} 9. Nge2
{[%clk 01:30:50]} {[%emt 00:01:39]} Na6 {[%clk 01:28:55]} {[%emt 00:02:38]} 10.
Nc1 {[%clk 01:30:53]} {[%emt 00:00:26]} g5 {[%clk 01:28:42]} {[%emt 00:00:44]}
11. Nd3 {[%clk 01:30:30]} {[%emt 00:00:51]} g4 {[%clk 01:28:32]} {[%emt
00:00:41]} 12. Be2 {[%clk 01:30:32]} {[%emt 00:00:28]} h5 {[%clk 01:28:27]}
{[%emt 00:00:35]} 13. Qb3 {[%clk 01:30:29]} {[%emt 00:00:33]} Kf7 {[%clk
01:17:20]} {[%emt 00:11:37]} 14. Na4 {[%clk 01:25:42]} {[%emt 00:05:17]} b6
{[%clk 01:11:18]} {[%emt 00:06:33]} 15. Nb4 {[%clk 01:24:22]} {[%emt 00:01:49]}
Nxb4 {[%clk 01:09:19]} {[%emt 00:02:30]} 16. Bxb4 {[%clk 01:24:45]} {[%emt
00:00:06]} Nd7 {[%clk 01:05:40]} {[%emt 00:04:10]} 17. Bd2 {[%clk 01:24:33]}
{[%emt 00:00:41]} Bf6 {[%clk 01:04:12]} {[%emt 00:01:59]} 18. O-O-O {[%clk
01:21:00]} {[%emt 00:04:02]} Nc5 {[%clk 01:03:42]} {[%emt 00:01:00]} 19. Qc2
{[%clk 01:21:12]} {[%emt 00:00:18]} Bh4 {[%clk 01:01:06]} {[%emt 00:03:06]} 20.
Be1 {[%clk 01:20:49]} {[%emt 00:00:52]} Bxe1 {[%clk 01:00:10]} {[%emt
00:01:27]} 21. Rdxe1 {[%clk 01:21:04]} {[%emt 00:00:15]} Nxa4 {[%clk 00:58:22]}
{[%emt 00:02:18]} 22. Qxa4 {[%clk 01:21:24]} {[%emt 00:00:10]} Qd7 {[%clk
00:58:28]} {[%emt 00:00:25]} 23. Qxd7+ {[%clk 01:21:12]} {[%emt 00:00:43]} Bxd7
{[%clk 00:53:49]} {[%emt 00:05:08]} 24. Rhg1 {[%clk 01:20:55]} {[%emt
00:00:46]} gxf3 {[%clk 00:53:21]} {[%emt 00:00:59]} 25. gxf3 {[%clk 01:20:52]}
{[%emt 00:00:33]} Rag8 {[%clk 00:53:35]} {[%emt 00:00:15]} 26. h4 {[%clk
01:20:51]} {[%emt 00:00:31]} 1/2-1/2

[Event "ODJM B 2023"]
[Site "Willingen GER"]
[Date "2023.06.03"]
[Round "9"]
[White "Beberhold, Otto Richard"]
[Black "Wilmink, Luca"]
[Result "1/2-1/2"]
[Termination "normal"]
[Board "34"]
[WhiteElo "1427"]
[BlackElo "1530"]
[WhiteClock "00:09:46"]
[BlackClock "00:26:02"]
[PlyCount "136"]
[WhiteFideId "34617248"]
[BlackFideId "16245253"]
[EventCountry "GER"]
[EventRounds "9"]
[EventType "swiss"]
[EventDate "2023.05.27"]

1. d4 {[%clk 01:30:59]} Nf6 {[%clk 01:30:42]} {[%emt 00:00:18]} 2. c4 {[%clk
01:31:22]} {[%emt 00:00:08]} c5 {[%clk 01:30:39]} {[%emt 00:00:32]} 3. d5
{[%clk 01:31:41]} {[%emt 00:00:11]} b5 {[%clk 01:30:01]} {[%emt 00:01:08]} 4.
cxb5 {[%clk 01:31:57]} {[%emt 00:00:14]} a6 {[%clk 01:30:18]} {[%emt 00:00:14]}
5. e3 {[%clk 01:32:20]} {[%emt 00:00:06]} axb5 {[%clk 01:29:53]} {[%emt
00:00:55]} 6. Bxb5 {[%clk 01:32:42]} {[%emt 00:00:07]} Ba6 {[%clk 01:22:17]}
{[%emt 00:08:07]} 7. Bxa6 {[%clk 01:33:05]} {[%emt 00:00:08]} Nxa6 {[%clk
01:22:44]} {[%emt 00:00:02]} 8. Nc3 {[%clk 01:33:10]} {[%emt 00:00:25]} d6
{[%clk 01:22:11]} {[%emt 00:01:04]} 9. Nf3 {[%clk 01:33:21]} {[%emt 00:00:19]}
g6 {[%clk 01:21:32]} {[%emt 00:01:09]} 10. O-O {[%clk 01:33:42]} {[%emt
00:00:09]} Bg7 {[%clk 01:21:54]} {[%emt 00:00:08]} 11. a4 {[%clk 01:31:45]}
{[%emt 00:02:27]} O-O {[%clk 01:21:46]} {[%emt 00:00:37]} 12. Rb1 {[%clk
01:31:52]} {[%emt 00:00:23]} Qd7 {[%clk 01:10:49]} {[%emt 00:11:27]} 13. e4
{[%clk 01:30:46]} {[%emt 00:01:36]} Rfb8 {[%clk 01:07:32]} {[%emt 00:03:47]}
14. Nb5 {[%clk 01:27:06]} {[%emt 00:04:09]} Nxe4 {[%clk 01:04:36]} {[%emt
00:03:26]} 15. Re1 {[%clk 01:22:34]} {[%emt 00:05:02]} Nf6 {[%clk 01:04:43]}
{[%emt 00:00:23]} 16. Bg5 {[%clk 01:22:45]} {[%emt 00:00:19]} Nb4 {[%clk
01:03:20]} {[%emt 00:01:54]} 17. Nc3 {[%clk 01:21:06]} {[%emt 00:02:09]} Re8
{[%clk 01:01:27]} {[%emt 00:02:22]} 18. h3 {[%clk 01:15:18]} {[%emt 00:06:19]}
Qb7 {[%clk 01:00:01]} {[%emt 00:01:55]} 19. Bxf6 {[%clk 01:10:55]} {[%emt
00:04:53]} Bxf6 {[%clk 01:00:22]} {[%emt 00:00:09]} 20. Nd2 {[%clk 01:06:50]}
{[%emt 00:04:35]} Nxd5 {[%clk 00:59:15]} {[%emt 00:01:37]} 21. Nde4 {[%clk
00:49:56]} {[%emt 00:17:25]} Bxc3 {[%clk 00:55:43]} {[%emt 00:04:02]} 22. bxc3
{[%clk 00:46:28]} {[%emt 00:03:57]} Qc6 {[%clk 00:52:09]} {[%emt 00:04:04]} 23.
c4 {[%clk 00:46:26]} {[%emt 00:00:33]} Nb4 {[%clk 00:52:20]} {[%emt 00:00:19]}
24. Nc3 {[%clk 00:46:34]} {[%emt 00:00:22]} Rad8 {[%clk 00:40:55]} {[%emt
00:11:55]} 25. Qd2 {[%clk 00:33:43]} {[%emt 00:13:21]} d5 {[%clk 00:37:45]}
{[%emt 00:03:40]} 26. cxd5 {[%clk 00:27:39]} {[%emt 00:06:34]} Nxd5 {[%clk
00:38:04]} {[%emt 00:00:10]} 27. Nxd5 {[%clk 00:28:03]} {[%emt 00:00:06]} Rxd5
{[%clk 00:38:17]} {[%emt 00:00:17]} 28. Rb6 {[%clk 00:27:01]} {[%emt 00:01:32]}
Qa8 {[%clk 00:33:19]} {[%emt 00:05:28]} 29. Qf4 {[%clk 00:22:17]} {[%emt
00:05:14]} Qa5 {[%clk 00:30:51]} {[%emt 00:02:56]} 30. Rbb1 {[%clk 00:20:39]}
{[%emt 00:02:09]} Rd4 {[%clk 00:31:06]} {[%emt 00:00:17]} 31. Qe5 {[%clk
00:20:46]} {[%emt 00:00:23]} Rxa4 {[%clk 00:31:16]} {[%emt 00:00:20]} 32. Rec1
{[%clk 00:20:57]} {[%emt 00:00:19]} Rc8 {[%clk 00:17:25]} {[%emt 00:14:20]} 33.
Rb8 {[%clk 00:10:03]} {[%emt 00:11:24]} Qd8 {[%clk 00:05:07]} {[%emt 00:12:48]}
34. Rxc8 {[%clk 00:10:25]} {[%emt 00:00:08]} Qxc8 {[%clk 00:05:22]} {[%emt
00:00:16]} 35. Rxc5 {[%clk 00:10:50]} {[%emt 00:00:05]} Qd8 {[%clk 00:04:12]}
{[%emt 00:01:39]} 36. Rc7 {[%clk 00:08:08]} {[%emt 00:03:12]} e6 {[%clk
00:04:17]} {[%emt 00:00:25]} 37. Qc3 {[%clk 00:06:26]} {[%emt 00:02:11]} Qd4
{[%clk 00:02:20]} {[%emt 00:02:29]} 38. Qxd4 {[%clk 00:05:19]} {[%emt
00:01:37]} Rxd4 {[%clk 00:02:48]} {[%emt 00:00:02]} 39. Kh2 {[%clk 00:05:29]}
{[%emt 00:00:19]} Kg7 {[%clk 00:03:12]} {[%emt 00:00:07]} 40. g4 {[%clk
00:05:32]} {[%emt 00:00:27]} Rd5 {[%clk 00:02:31]} {[%emt 00:01:11]} 41. Kg3
{[%clk 00:04:39]} {[%emt 00:01:22]} h5 {[%clk 00:00:41]} {[%emt 00:02:20]} 42.
f3 {[%clk 00:00:41]} {[%emt 00:04:28]} hxg4 {[%clk 00:00:41]} {[%emt 00:00:31]}
43. hxg4 {[%clk 00:01:03]} {[%emt 00:00:08]} e5 {[%clk 00:28:51]} {[%emt
00:02:20]} 44. Kf2 {[%clk 00:25:05]} {[%emt 00:06:27]} Kf6 {[%clk 00:29:02]}
{[%emt 00:00:19]} 45. Ke3 {[%clk 00:23:55]} {[%emt 00:01:40]} Ke6 {[%clk
00:29:21]} {[%emt 00:00:11]} 46. Ra7 {[%clk 00:21:45]} {[%emt 00:02:40]} f5
{[%clk 00:28:24]} {[%emt 00:01:27]} 47. gxf5+ {[%clk 00:18:59]} {[%emt
00:03:16]} gxf5 {[%clk 00:27:42]} {[%emt 00:01:13]} 48. Ra3 {[%clk 00:19:23]}
{[%emt 00:00:05]} f4+ {[%clk 00:27:57]} {[%emt 00:00:15]} 49. Kf2 {[%clk
00:19:26]} {[%emt 00:00:26]} Rd2+ {[%clk 00:26:53]} {[%emt 00:01:36]} 50. Kf1
{[%clk 00:19:31]} {[%emt 00:00:24]} Rc2 {[%clk 00:27:07]} {[%emt 00:00:16]} 51.
Ke1 {[%clk 00:14:48]} {[%emt 00:05:13]} Kd5 {[%clk 00:27:34]} {[%emt 00:00:03]}
52. Kd1 {[%clk 00:09:37]} {[%emt 00:05:42]} Rb2 {[%clk 00:24:37]} {[%emt
00:03:26]} 53. Ke1 {[%clk 00:09:52]} {[%emt 00:00:15]} Kc4 {[%clk 00:24:47]}
{[%emt 00:00:21]} 54. Ra4+ {[%clk 00:09:21]} {[%emt 00:01:01]} Rb4 {[%clk
00:24:26]} {[%emt 00:00:51]} 55. Rxb4+ {[%clk 00:08:57]} {[%emt 00:00:54]} Kxb4
{[%clk 00:24:51]} {[%emt 00:00:05]} 56. Kd2 {[%clk 00:09:06]} {[%emt 00:00:21]}
Kc4 {[%clk 00:24:44]} {[%emt 00:00:37]} 57. Kc2 {[%clk 00:09:00]} {[%emt
00:00:36]} Kd5 {[%clk 00:23:49]} {[%emt 00:01:25]} 58. Kd3 {[%clk 00:08:54]}
{[%emt 00:00:36]} Kd6 {[%clk 00:24:10]} {[%emt 00:00:09]} 59. Kd2 {[%clk
00:08:43]} {[%emt 00:00:41]} Ke6 {[%clk 00:24:09]} {[%emt 00:00:32]} 60. Ke2
{[%clk 00:08:37]} {[%emt 00:00:36]} Kf6 {[%clk 00:24:36]} {[%emt 00:00:02]} 61.
Kf2 {[%clk 00:08:01]} {[%emt 00:01:05]} Kf5 {[%clk 00:24:24]} {[%emt 00:00:43]}
62. Kf1 {[%clk 00:08:06]} {[%emt 00:00:25]} e4 {[%clk 00:24:10]} {[%emt
00:00:44]} 63. fxe4+ {[%clk 00:08:28]} {[%emt 00:00:09]} Kxe4 {[%clk 00:24:36]}
{[%emt 00:00:03]} 64. Ke2 {[%clk 00:08:53]} {[%emt 00:00:05]} f3+ {[%clk
00:24:54]} {[%emt 00:00:13]} 65. Kf2 {[%clk 00:09:16]} {[%emt 00:00:06]} Kf4
{[%clk 00:25:13]} {[%emt 00:00:12]} 66. Kf1 {[%clk 00:09:29]} {[%emt 00:00:16]}
Ke3 {[%clk 00:25:36]} {[%emt 00:00:07]} 67. Ke1 {[%clk 00:09:55]} {[%emt
00:00:05]} f2+ {[%clk 00:26:02]} {[%emt 00:00:04]} 68. Kf1 {[%clk 00:09:46]}
{[%emt 00:00:07]} Kf3 {[%clk 00:26:02]} 1/2-1/2

[Event "ODJM B 2023"]
[Site "Willingen GER"]
[Date "2023.06.03"]
[Round "9"]
[White "Borgmann, Simon"]
[Black "Reuter, Luca Marek"]
[Result "1/2-1/2"]
[Termination "normal"]
[Board "35"]
[WhiteElo "1543"]
[BlackElo "1570"]
[WhiteClock "00:37:12"]
[BlackClock "01:13:44"]
[PlyCount "43"]
[WhiteFideId "16234677"]
[BlackFideId "16226712"]
[EventCountry "GER"]
[EventRounds "9"]
[EventType "swiss"]
[EventDate "2023.05.27"]

1. d4 {[%clk 01:30:39]} {[%emt 00:00:20]} f5 {[%clk 01:30:46]} {[%emt
00:00:14]} 2. Bg5 {[%clk 01:29:54]} {[%emt 00:01:16]} g6 {[%clk 01:30:47]}
{[%emt 00:00:29]} 3. c4 {[%clk 01:26:31]} {[%emt 00:03:53]} Bg7 {[%clk
01:30:51]} {[%emt 00:00:26]} 4. Nc3 {[%clk 01:23:23]} {[%emt 00:03:38]} Nf6
{[%clk 01:31:08]} {[%emt 00:00:13]} 5. e3 {[%clk 01:19:46]} {[%emt 00:04:06]}
d6 {[%clk 01:30:15]} {[%emt 00:01:24]} 6. Nf3 {[%clk 01:16:14]} {[%emt
00:04:01]} Nbd7 {[%clk 01:23:28]} {[%emt 00:07:18]} 7. Be2 {[%clk 01:00:55]}
{[%emt 00:15:49]} c6 {[%clk 01:21:17]} {[%emt 00:02:41]} 8. Qd2 {[%clk
00:57:10]} {[%emt 00:04:15]} e5 {[%clk 01:20:35]} {[%emt 00:01:12]} 9. dxe5
{[%clk 00:56:44]} {[%emt 00:00:55]} dxe5 {[%clk 01:19:04]} {[%emt 00:02:01]}
10. Qd6 {[%clk 00:53:17]} {[%emt 00:03:57]} Qe7 {[%clk 01:18:23]} {[%emt
00:01:12]} 11. Qxe7+ {[%clk 00:51:36]} {[%emt 00:02:10]} Kxe7 {[%clk 01:18:49]}
{[%emt 00:00:04]} 12. O-O {[%clk 00:46:19]} {[%emt 00:05:47]} h6 {[%clk
01:15:46]} {[%emt 00:03:34]} 13. Bxf6+ {[%clk 00:45:54]} {[%emt 00:00:54]} Bxf6
{[%clk 01:16:12]} {[%emt 00:00:04]} 14. Rad1 {[%clk 00:44:42]} {[%emt
00:01:42]} c5 {[%clk 01:15:38]} {[%emt 00:01:05]} 15. Nd5+ {[%clk 00:44:58]}
{[%emt 00:00:14]} Kf7 {[%clk 01:15:49]} {[%emt 00:00:18]} 16. Nxf6 {[%clk
00:45:09]} {[%emt 00:00:20]} Kxf6 {[%clk 01:16:08]} {[%emt 00:00:12]} 17. Rd6+
{[%clk 00:45:24]} {[%emt 00:00:14]} Kg7 {[%clk 01:16:04]} {[%emt 00:00:34]} 18.
Rfd1 {[%clk 00:44:47]} {[%emt 00:01:07]} e4 {[%clk 01:15:57]} {[%emt 00:00:37]}
19. Nh4 {[%clk 00:43:32]} {[%emt 00:01:45]} Ne5 {[%clk 01:15:03]} {[%emt
00:01:24]} 20. g3 {[%clk 00:43:15]} {[%emt 00:00:46]} b6 {[%emt 00:04:01]} 21.
R1d5 {[%clk 00:41:02]} Re8 {[%clk 01:13:44]} {[%emt 00:01:00]} 22. Rd8 {[%clk
00:37:12]} 1/2-1/2

[Event "ODJM B 2023"]
[Site "Willingen GER"]
[Date "2023.06.03"]
[Round "9"]
[White "Moldovan, Tudor"]
[Black "Müller, Sophie Charlotte"]
[Result "1/2-1/2"]
[Termination "normal"]
[Board "36"]
[WhiteElo "1380"]
[BlackElo "1442"]
[WhiteClock "01:16:53"]
[BlackClock "00:38:37"]
[PlyCount "46"]
[WhiteFideId "16288203"]
[BlackFideId "16246683"]
[EventCountry "GER"]
[EventRounds "9"]
[EventType "swiss"]
[EventDate "2023.05.27"]

1. e4 {[%clk 01:30:52]} {[%emt 00:00:08]} g6 {[%clk 01:30:53]} {[%emt
00:00:08]} 2. d4 {[%clk 01:31:03]} {[%emt 00:00:19]} Bg7 {[%clk 01:31:19]}
{[%emt 00:00:04]} 3. Nf3 {[%clk 01:31:17]} {[%emt 00:00:15]} d6 {[%clk
01:31:45]} {[%emt 00:00:05]} 4. Be3 {[%clk 01:31:26]} {[%emt 00:00:20]} Nd7
{[%clk 01:32:05]} {[%emt 00:00:10]} 5. Nc3 {[%clk 01:31:38]} {[%emt 00:00:17]}
a6 {[%clk 01:32:28]} {[%emt 00:00:08]} 6. a4 {[%clk 01:31:22]} {[%emt
00:00:45]} b6 {[%clk 01:32:53]} {[%emt 00:00:05]} 7. Bc4 {[%clk 01:31:40]}
{[%emt 00:00:12]} e6 {[%clk 01:32:55]} {[%emt 00:00:28]} 8. Bb3 {[%clk
01:31:10]} {[%emt 00:01:00]} Ne7 {[%clk 01:32:20]} {[%emt 00:01:05]} 9. Qd2
{[%clk 01:31:08]} {[%emt 00:00:32]} O-O {[%clk 01:32:01]} {[%emt 00:00:48]} 10.
Bh6 {[%clk 01:31:02]} {[%emt 00:00:36]} c5 {[%clk 01:29:28]} {[%emt 00:03:03]}
11. Bxg7 {[%clk 01:29:22]} {[%emt 00:02:10]} Kxg7 {[%clk 01:29:56]} {[%emt
00:00:02]} 12. g4 {[%clk 01:28:35]} {[%emt 00:01:18]} Nf6 {[%clk 01:24:23]}
{[%emt 00:06:03]} 13. Rg1 {[%clk 01:24:58]} {[%emt 00:04:06]} Bb7 {[%clk
01:21:47]} {[%emt 00:03:07]} 14. Qe3 {[%clk 01:24:35]} {[%emt 00:00:50]} cxd4
{[%clk 01:11:32]} {[%emt 00:10:49]} 15. Nxd4 {[%clk 01:24:19]} {[%emt
00:00:45]} e5 {[%clk 01:09:33]} {[%emt 00:02:28]} 16. Nf3 {[%clk 01:22:28]}
{[%emt 00:02:17]} d5 {[%clk 01:06:30]} {[%emt 00:03:38]} 17. exd5 {[%clk
01:22:01]} {[%emt 00:00:56]} Nfxd5 {[%clk 01:00:17]} {[%emt 00:06:43]} 18. Nxd5
{[%clk 01:21:36]} {[%emt 00:00:56]} Nxd5 {[%clk 01:00:17]} {[%emt 00:00:30]}
19. Bxd5 {[%clk 01:21:48]} {[%emt 00:00:17]} Qxd5 {[%clk 01:00:29]} {[%emt
00:00:19]} 20. Nd2 {[%clk 01:21:05]} {[%emt 00:01:08]} Qd4 {[%clk 00:58:01]}
{[%emt 00:03:02]} 21. Qxd4 {[%clk 01:20:47]} {[%emt 00:00:48]} exd4 {[%clk
00:58:29]} {[%emt 00:00:02]} 22. O-O-O {[%clk 01:21:03]} {[%emt 00:00:14]} Bc6
{[%clk 00:48:55]} {[%emt 00:10:05]} 23. b3 {[%clk 01:16:53]} {[%emt 00:04:40]}
Rfd8 {[%clk 00:38:37]} {[%emt 00:10:48]} 1/2-1/2